000 00648nam a2200265Ia 4500
003 EC-GqESP
005 20251105154527.0
008 250425s9999 xx 000 0 und d
010 _a55211
020 _a9586575209
041 _aspa
082 _a537
_pCEK
110 _aCEKIT
245 0 _aCURSO FACIL DE ELECTRONICA BASICA: TEORIA
250 _a1A ED.
260 _aColombia
_bCEKIT
_c2002
260 _aPEREIRA
300 _a256
500 _aEN CIBGZ-FIMCP 50443
650 _aCIRCUITOS IMPRESOS
650 _aDISEÑO ASISTIDO POR COMPUTADORA
650 _aELECTRONICA
650 _aMEDICIONES ELECTRONICAS
942 _c01
999 _c224229
_d224229